[Event "Koltsovo op"]
[Site "Koltsovo"]
[Date "2010.06.28"]
[Round "1"]
[White "Bublei, Pavel"]
[Black "Smetyukh, Vladimir"]
[Result "1-0"]
[WhiteElo "2249"]
[BlackElo "1925"]
[PlyCount "69"]
[EventDate "2010.06.28"]
[EventType "swiss"]
[EventRounds "9"]
[EventCountry "RUS"]
[SourceTitle "CBM 137 Extra"]
[Source "ChessBase"]
[SourceDate "2010.09.01"]
[SourceVersion "1"]
[SourceVersionDate "2010.09.01"]
[SourceQuality "1"]

1. d4 Nf6 2. c4 c5 3. d5 d6 4. Nc3 g6 5. e4 Bg7 6. Bd3 0-0 7. h3 Na6 8. Nf3 Rb8 9. 0-0 Nc7 10. Re1 a6 11. a4 e6 12. Be3 exd5 13. exd5 b5 14. Qd2 bxc4 15. Bxc4 Rb4 16. b3 Nd7 17. Bh6 Nb6 18. Bxg7 Kxg7 19. Re4 Nxc4 20. bxc4 f5 21. Re3 Rxc4 22. Rae1 Qf6 23. Ng5 Rd4 24. Re7+ Kg8 25. Qc1 Rc4 26. Nxh7 Qxc3 27. Qxc3 Rxc3 28. Nxf8 Nxd5 29. Re8 Bb7 30. Nxg6+ Kf7 31. R1e6 Bc6 32. Nh8+ Kg7 33. Rg6+ Kh7 34. Reg8 Be8 35. Rxe8 1-0

[Event "Naukograd Koltsovo op"]
[Site "Novosibirsk"]
[Date "2009.07.05"]
[Round "8"]
[White "Tsepennikova, Tatyana"]
[Black "Smetyukh, Vladimir"]
[Result "1-0"]
[WhiteElo "2128"]
[BlackElo "1914"]
[PlyCount "71"]
[EventDate "2009.06.28"]
[EventType "swiss"]
[EventRounds "9"]
[EventCountry "RUS"]
[SourceTitle "EXT 2021"]
[Source "ChessBase"]
[SourceDate "2020.10.23"]
[SourceVersion "1"]
[SourceVersionDate "2020.10.23"]
[SourceQuality "1"]

1. d4 Nf6 2. Nf3 c5 3. c3 e6 4. Bg5 Qb6 5. Qc2 Nc6 6. e3 d5 7. Nbd2 Bd7 8. Ne5 Nxe5 9. dxe5 Ng8 10. Bd3 h6 11. Bh4 Ne7 12. e4 Nc6 13. Bg3 Be7 14. exd5 exd5 15. f4 c4 16. Be2 g6 17. Bf2 Bc5 18. 0-0 Bf5 19. Qc1 h5 20. b3 cxb3 21. axb3 Rc8 22. Bf3 Bxf2+ 23. Rxf2 Nb4 24. Be2 0-0 25. Qb2 Qe3 26. Rc1 Bd3 27. Nf1 Qb6 28. cxb4 Rxc1 29. Bxd3 Rfc8 30. f5 Qe3 31. fxg6 Qxd3 32. gxf7+ Kf8 33. e6 d4 34. Qxc1 Rxc1 35. e7+ Kxe7 36. f8Q+ 1-0

[Event "Novosibirsk Polyak Memorial"]
[Site "Novosibirsk"]
[Date "2008.01.28"]
[Round "6"]
[White "Chugaev, Konstantin"]
[Black "Smetyukh, Vladimir"]
[Result "1/2-1/2"]
[WhiteElo "2056"]
[BlackElo "1918"]
[PlyCount "97"]
[EventDate "2008.01.21"]
[EventType "tourn"]
[EventRounds "9"]
[EventCountry "RUS"]
[SourceTitle "EXT 2010"]
[Source "ChessBase"]
[SourceDate "2010.11.25"]
[SourceVersion "1"]
[SourceVersionDate "2010.11.25"]
[SourceQuality "1"]

1. e4 c6 2. d4 d5 3. Nc3 dxe4 4. Nxe4 Nf6 5. Nxf6+ gxf6 6. c3 Bf5 7. Bc4 e6 8. Ne2 Bd6 9. Bf4 Qc7 10. Bxd6 Qxd6 11. Ng3 Bg6 12. h4 h5 13. Be2 Qd5 14. a3 Nd7 15. c4 Qd6 16. Bxh5 Bxh5 17. Nxh5 c5 18. g4 cxd4 19. Qf3 Qe5+ 20. Kf1 0-0-0 21. Re1 Qc7 22. Nxf6 Nxf6 23. Qxf6 Qxc4+ 24. Kg2 Qd5+ 25. f3 Kb8 26. Re4 Qb3 27. Qf4+ Ka8 28. Qd2 d3 29. Re3 Rd4 30. h5 a6 31. Rd1 Rhd8 32. Kf2 Qd5 33. Rc1 Qd6 34. Kg2 Qd5 35. Kh3 f5 36. Rce1 f4 37. Re4 Rxe4 38. Rxe4 e5 39. h6 Qd6 40. Kg2 Qxh6 41. Rxe5 Qd6 42. Re1 Rc8 43. Qb4 Rc2+ 44. Kf1 Qc6 45. Qxf4 Rxb2 46. Qf8+ Ka7 47. Qf4 Ka8 48. Qf8+ Ka7 49. Qf4 1/2-1/2

[Event "Novosibirsk Polyak Memorial"]
[Site "Novosibirsk"]
[Date "2008.01.23"]
[Round "3"]
[White "Glukhov, Mikhail"]
[Black "Smetyukh, Vladimir"]
[Result "1-0"]
[WhiteElo "2237"]
[BlackElo "1918"]
[PlyCount "109"]
[EventDate "2008.01.21"]
[EventType "tourn"]
[EventRounds "9"]
[EventCountry "RUS"]
[SourceTitle "EXT 2010"]
[Source "ChessBase"]
[SourceDate "2010.11.25"]
[SourceVersion "1"]
[SourceVersionDate "2010.11.25"]
[SourceQuality "1"]

1. d4 Nf6 2. Nf3 c5 3. c4 e6 4. Nc3 d5 5. cxd5 exd5 6. g3 Nc6 7. Bg2 Be6 8. 0-0 Be7 9. Be3 Ng4 10. Bf4 0-0 11. dxc5 Bxc5 12. Na4 Bd6 13. Qd2 Bb4 14. Qd3 Qa5 15. Nc3 Rac8 16. Ng5 Nf6 17. Nd1 Rfd8 18. Ne3 Bd6 19. Nxe6 fxe6 20. Bxd6 Rxd6 21. Nc4 Qb4 22. Nxd6 Qxd6 23. Rac1 Rf8 24. a3 Qe5 25. Rc2 Qh5 26. h3 Nd7 27. f4 Nb6 28. e4 Rd8 29. exd5 exd5 30. Re1 Qf7 31. Rce2 Qf6 32. Kh2 Qf7 33. h4 Qg6 34. Qxg6 hxg6 35. Rd1 Kf7 36. b3 Kf6 37. Bh3 Kf7 38. Bg2 Kf6 39. b4 Kf7 40. Kg1 Kf6 41. Kf2 Kf7 42. Rd3 Kf6 43. g4 Kf7 44. g5 Rd6 45. Bh3 Nc4 46. Rxd5 Rxd5 47. Be6+ Kf8 48. Bxd5 Nxa3 49. Bxc6 bxc6 50. Re6 Nc2 51. Rxc6 Nxb4 52. Rxg6 a5 53. Rb6 Nd5 54. Rb5 Ne7 55. Rxa5 1-0